Globalización e historia. La evolución de una economía atlántica del siglo XIX (Record no. 69447)

MARC details
000 -LEADER
campo de control de longitud fija 00675nmm a2200205Ia 4500
008 - DATOS DE LONGITUD FIJA--INFORMACIÓN GENERAL
campo de control de longitud fija 251105s9999||||xx |||||||||||||||||und||
020 ## - NÚMERO INTERNACIONAL ESTÁNDAR DEL LIBRO
Número Internacional Estándar del Libro 8477338531
041 ## - CÓDIGO DE IDIOMA
Código de lengua del texto/banda sonora o título independiente spa
100 ## - ENTRADA PRINCIPAL--NOMBRE DE PERSONA
Nombre de persona O’Rourke, Kevin H.
245 #0 - MENCIÓN DEL TÍTULO
Título Globalización e historia. La evolución de una economía atlántica del siglo XIX
264 ## - PRODUCCIÓN, PUBLICACIÓN, DISTRIBUCIÓN, FABRICACIÓN Y COPYRIGHT
Producción, publicación, distribución, fabricación y copyright [Madrid, España] :
Nombre del de productor, editor, distribuidor, fabricante Prensas Universitarias de Zaragoza,
Fecha de producción, publicación, distribución, fabricación o copyright 2006
300 ## - DESCRIPCIÓN FÍSICA
Extensión 430 páginas
490 ## - MENCIÓN DE SERIE
Mención de serie Ciencias sociales
650 ## - PUNTO DE ACCESO ADICIONAL DE MATERIA--TÉRMINO DE MATERIA
Término de materia o nombre geográfico como elemento de entrada Economics and Business
700 ## - ENTRADA AGREGADA--NOMBRE PERSONAL
Nombre de persona O’Rourke, Kevin H.
700 1# - ENTRADA AGREGADA--NOMBRE PERSONAL
Nombre de persona Williamson, Jeffrey G.
700 1# - ENTRADA AGREGADA--NOMBRE PERSONAL
Nombre de persona Ponz Espallargas, Montserrat
856 ## - LOCALIZACIÓN Y ACCESO ELECTRÓNICOS
Identificador Uniforme de Recursos <a href="https://public.digitaliapublishing.com/a/2121">https://public.digitaliapublishing.com/a/2121</a>
942 ## - ELEMENTOS DE ENTRADA SECUNDARIOS (KOHA)
Tipo de ítem Koha Libro Digital

No items available.

Powered by Koha